=LDR 00000nam 2200000 4500 =001 001149 =005 20250710104217 =035 ##$$a 0010-0725000008 =007 ta =008 250710################a##########0#ind## =082 ##$$a 398.209 598 =084 ##$$a 398.209 598 FAU l =100 #$$a Fauzi, muhammad =245 1#$$a Lani : $b Si pemberani /$c Muhammad fauzi =250 ##$$a Cetakan kedua =260 ##$$a Jakarta :$b Kementerian pendidikan, kebudayaan, riset, teknologi,$c 2023 =300 ##$$a 36 hlm. : $b Ilus. ; $c 29,7x 21 cm =650 #4$$a Cerita anak-indonesia =650 #4$$a Kesusastraan anak =856 ##$$a TBM as suhada